000 01708cam a2200253 4500
001 ABS65355
008 020424n2002 000 0 eng u
035 _a(Sirsi) u117662
100 _aKnowles, R
245 _aAdjudication update: were the predictions correct?
260 _c2002
490 _aCivil Engineering Surveyor
_vApril 2002, 20-21(2)
520 _aConsiders the progress made in adjudication since the Construction Act 1996 came into force on 1 May 1998. Highlights the predictions and concerns of lawyers prior to the Act, in particular that the courts would not be able to enforce adjudicators' awards if challenged by the losing party. Illustrates how such fears have not been founded and that courts have generally chosen to enforce the adjudicator's awards. Looks at the number and type of referral going to court and the total costs of taking a dispute to adjudication compared with arbitration. Also emphasises the point that adjudication often ends the dispute, and very few cases have subequently gone to litigation or arbitration. Concludes that adjudication is greatly beneficial to the construction industry.
590 _aABS
650 _aMANAGEMENT-DISPUTE AVOIDANCE, MANAGEMENT AND RESOLUTION-DISPUTE MANAGEMENT AND RESOLUTION-ALTERNATIVE DISPUTE RESOLUTION-ADJUDICATION
650 _aMANAGEMENT-DISPUTE AVOIDANCE, MANAGEMENT AND RESOLUTION-DISPUTE MANAGEMENT AND RESOLUTION-ARBITRATION
650 _aCOSTS
650 _aBUILT ENVIRONMENT-BUILDING CONTRACT FORMS
650 _aHOUSING GRANTS, CONSTRUCTION AND REGENERATION ACT 1996
650 _aCONSTRUCTION INDUSTRY
650 _aADJUDICATOR'S AWARDS
690 _aDispute resolution
_96236
942 _n0
999 _c70062
_d70062